000 01456cam a22004454i 4500
003 PE-LiUPU
005 20250731165537.0
008 150625s r 000 0 d
035 _a(Sirsi) a32264
035 _a(Sirsi) a32264
040 _aPE-LiUPU
_bspa
_cPE-LiUPU
_erda
082 0 4 _a747
_bD296
_221
245 1 3 _aLa decoración y su arte /
_c[creación y dirección, Francisco Asensio Cerver]
264 1 _aBarcelona :
_bAtrium,
_c[1986].
300 _a6 volúmenes :
_bilustraciones a color ;
_c30 cm.
336 _atext
_2rdacontent
337 _aunmediated
_2rdamedia
338 _avolume
_2rdacarrier
505 _av1. Comedores -- v2. Dormitorios -- v3. Habitaciones juveniles -- v4. Espacios auxiliares -- v5. Salones -- v6. Cocinas.
526 _aSEG44
526 _aSEG26
526 _aP151
526 _aP150
526 _aP149
526 _aP146
526 _aP145
526 _aP126
526 _aP125
526 _aP92
526 _aP75
526 _aP74
526 _aP27
526 _aP15
651 1 7 _aDecoración interior
_2embne
_95174
700 _aAsensio Cerver, Francisco,
_d1942-
_edirrector.
_95175
942 _2ddc
_cBK
949 _aRC 747
_wDEWEY
_c1
_i24983
_lRC
_mBUL
_r0
_sY
_tBOOK
_u2015-6-25
_xBIBLIOTECA
_zUNKNOWN
_0COMPRA
_o.CIRCNOTE. No olvidar cambiar la fecha de devolución!!!!!!!
_o.STAFF. Colección General
999 _c39897
_d39897
980 _81
_gALBERTO SANCHEZ Responsable de Automatización